000 00618nam a22002297a 4500
003 UA-OsUOA
001 49688
007 ta
008 20071011b un ||||| |||| 00| 0 ukr d
100 _aІванов П.
090 _a821.161.2
_bІ-99
942 _cBK
040 _aUA-OsUOA
_bukr
_cUA-OsUOA
_dUA-OsUOA
245 _aСрібна траса
300 _a77 с.
955 _a3
041 _aukr
080 _a821.161.2
260 _aК.
_bРад.письм.
_c1975
650 7 _a8 Мовознавство. Художня література. Літературознавство
_2UDC
999 _c335749
_d335749